000 01075nam a2200325Ia 4500
001 76897
003 IT-RoPAU
008 130308s9999 xx 000 0 und d
040 _aIT-RoPAU
040 _cIT-RoPAU
041 _aITALIANO
100 _aCanestrari Renzo
100 _gCodice Aut. SPICS: 5773
245 _aColloquio clinico (Il)
245 _bTeoria e Prassi del Colloquio e dell'Intervista
250 _a1a ed.
260 _aROMA
260 _bLa Nuova Italia Scientifica
260 _c1989 [1° Ed.:1989 - Ed.Ling.Originale:1989]
300 _a"31 p. (prefazione: no ; testo: 31 [pagine: 173-203])"
500 _aProblematiche di fondo Dinamica interpersonale del Soggetto Processi di Influenzamento Multivalenza della Personalità Fonti di Informazione del Colloquio clinico Comprensione e Fraintendimento
650 _aPEDAGOGIA DELLA COMUNICAZIONE SOCIALE
650 _eCodice materia Spics: 3804
700 _aRicci Bitti Pio E.
700 _gCodice Aut. SPICS: 2072
942 _cBK
957 _71
999 _c43980
_d43980
999 _bSI
999 _g1